000 00701nam a22002177a 4500
999 _c10379
_d10379
003 AR-CdUCM
008 190401b ||||| |||| 00| 0 spa d
040 _aMUNICIPALIDAD PROVINCIAL DEL CUSCO
_cBIBLIOTECA MUNICIPAL DEL CUSCO
082 _24ed.
_aES / 800 /
_bER72
100 _aErcilla y Zúñiga, Alonso de
_918930
245 _aLa Araucana /
260 _aBarcelona :
_bAraluce ;
_c1956.
300 _a135 páginas ;
_c15cm
_bIlustraciones
440 _aColección Araluce
_n30
_927193
505 _aContenido: Novela
650 _aNovela
_9572
650 _aLiteratura juvenil
_91580
700 _aMorales, Maria Luz (relatado a los niños)
_927194
942 _2ddc
_cLIBROS
945 _anom